[Event "Al Ain op 4th"]
[Site "Al Ain"]
[Date "2015.12.27"]
[Round "6"]
[White "Mkrtchyan, Sargis R"]
[Black "Abdulov, Orkhan Javanshir"]
[Result "1-0"]
[WhiteElo "2236"]
[BlackElo "2356"]
[PlyCount "58"]
[EventDate "2015.12.23"]
[EventType "swiss"]
[EventRounds "9"]
[EventCountry "UAE"]
[SourceTitle "CBM 170 Extra"]
[Source "ChessBase"]
[SourceDate "2016.02.25"]
[SourceVersion "1"]
[SourceVersionDate "2016.02.25"]
[SourceQuality "1"]

1. d4 d6 2. e4 g6 3. c4 Bg7 4. Nc3 Nf6 5. Nf3 0-0 6. h3 e5 7. d5 Nbd7 8. g4 Nc5 9. Qc2 a5 10. Bg5 Qd7 11. Be2 Ne8 12. 0-0-0 f5 13. gxf5 gxf5 14. Nh4 fxe4 15. Nxe4 Nxe4 16. Qxe4 Qf7 17. Rhg1 Kh8 18. Rg3 Nf6 19. Qf3 e4 20. Qf4 Nd7 21. Qxf7 Rxf7 22. Rdg1 Ne5 23. b3 Ng6 24. Nxg6+ hxg6 25. Be3 Bf5 26. h4 Be5 27. R3g2 Rh7 28. h5 gxh5 29. Bg5 Rf8 1-0

[Event "Al Ain op 4th"]
[Site "Al Ain"]
[Date "2015.12.26"]
[Round "4"]
[White "Mkrtchyan, Sargis R"]
[Black "Libiszewski, Fabien"]
[Result "0-1"]
[WhiteElo "2236"]
[BlackElo "2515"]
[PlyCount "80"]
[EventDate "2015.12.23"]
[EventType "swiss"]
[EventRounds "9"]
[EventCountry "UAE"]
[SourceTitle "CBM 170 Extra"]
[Source "ChessBase"]
[SourceDate "2016.02.25"]
[SourceVersion "1"]
[SourceVersionDate "2016.02.25"]
[SourceQuality "1"]

1. e4 d6 2. d4 Nf6 3. Nc3 g6 4. f4 Bg7 5. Nf3 0-0 6. e5 dxe5 7. fxe5 Nd5 8. Bc4 Be6 9. Bxd5 Bxd5 10. Nxd5 Qxd5 11. Qe2 Nc6 12. c4 Qd7 13. d5 Nd8 14. Bf4 b5 15. 0-0 bxc4 16. Qxc4 c6 17. d6 Ne6 18. Bg3 Rab8 19. dxe7 Qxe7 20. b3 c5 21. Rad1 Rb4 22. Qc3 h5 23. h3 Rc8 24. Nd2 h4 25. Bh2 Rd4 26. Nc4 Qd7 27. Qc2 Qd5 28. Nd6 Rd8 29. Rxd4 cxd4 30. Qc4 Qxc4 31. Nxc4 Rd5 32. Rd1 Bh6 33. Kf1 Ng5 34. Bg1 d3 35. Ke1 Ne4 36. Be3 Bxe3 37. Nxe3 d2+ 38. Kf1 Rxe5 39. Ng4 Rc5 40. Nf2 Rf5 0-1

[Event "Al Ain op 4th"]
[Site "Al Ain"]
[Date "2015.12.26"]
[Round "5"]
[White "Swayams, Mishra"]
[Black "Mkrtchyan, Sargis R"]
[Result "1-0"]
[WhiteElo "2477"]
[BlackElo "2236"]
[PlyCount "69"]
[EventDate "2015.12.23"]
[EventType "swiss"]
[EventRounds "9"]
[EventCountry "UAE"]
[SourceTitle "CBM 170 Extra"]
[Source "ChessBase"]
[SourceDate "2016.02.25"]
[SourceVersion "1"]
[SourceVersionDate "2016.02.25"]
[SourceQuality "1"]

1. d4 Nf6 2. c4 g6 3. Nc3 d5 4. Nf3 Bg7 5. Bf4 0-0 6. e3 c5 7. dxc5 Qa5 8. Rc1 dxc4 9. Bxc4 Qxc5 10. Bb3 Nc6 11. 0-0 Qa5 12. h3 Bf5 13. Qe2 Ne4 14. Nd5 e5 15. Rxc6 bxc6 16. Ne7+ Kh8 17. Nxc6 Qb6 18. Ncxe5 Be6 19. Bxe6 Qxe6 20. b3 Rac8 21. Qb2 Nc3 22. Nc4 Nb5 23. Qd2 Rfd8 24. Qa5 Rd5 25. Ng5 Qd7 26. e4 Rdc5 27. Be3 Nd4 28. Qd2 Rd8 29. Rd1 Qe7 30. Kh1 Rxc4 31. bxc4 Ne6 32. Nxf7+ Qxf7 33. Qxd8+ Nxd8 34. Rxd8+ Bf8 35. Bh6 1-0

[Event "Al Ain op 4th"]
[Site "Al Ain"]
[Date "2015.12.24"]
[Round "2"]
[White "Mkrtchyan, Sargis R"]
[Black "Ammar, Sedrani"]
[Result "1-0"]
[WhiteElo "2236"]
[BlackElo "1573"]
[PlyCount "79"]
[EventDate "2015.12.23"]
[EventType "swiss"]
[EventRounds "9"]
[EventCountry "UAE"]
[SourceTitle "CBM 170 Extra"]
[Source "ChessBase"]
[SourceDate "2016.02.25"]
[SourceVersion "1"]
[SourceVersionDate "2016.02.25"]
[SourceQuality "1"]

1. e4 c5 2. Nf3 Nc6 3. Nc3 e5 4. Bc4 d6 5. d3 Be7 6. Nd2 Nf6 7. Nf1 0-0 8. Ne3 Be6 9. 0-0 a6 10. Ncd5 b5 11. Bb3 Nd4 12. Nxf6+ Bxf6 13. Bd5 Bxd5 14. Nxd5 Bg5 15. Be3 f5 16. c3 Ne6 17. exf5 Rxf5 18. Qg4 g6 19. a4 Nf4 20. Bxf4 exf4 21. axb5 axb5 22. Qf3 Ra5 23. b4 Ra4 24. Rxa4 bxa4 25. b5 Rf7 26. Qe4 Bh6 27. Qxa4 f3 28. g3 Qg5 29. Qc4 Kg7 30. b6 Qh5 31. h4 Qf5 32. g4 Qd7 33. g5 Bxg5 34. hxg5 Rf5 35. Qg4 Qd8 36. Nf4 Kf7 37. Nh3 Qxb6 38. Re1 Qb3 39. Qe4 Qxc3 40. Qe6+ 1-0